Phương pháp dạy học môn toán: Đã được hội đồng thẩm định của Bộ giáo dục và đào tạo giới thiệu làm sách dùng chung cho các trường đại học sư phạm

Wedi'i Gadw mewn:
Manylion Llyfryddiaeth
Prif Awdur: Nguyễn, Bá Kim
Fformat: Llyfr
Iaith:Undetermined
Cyhoeddwyd: Hà Nội Giáo dục 2003
Pynciau:
Tagiau: Ychwanegu Tag
Dim Tagiau, Byddwch y cyntaf i dagio'r cofnod hwn!
Thư viện lưu trữ: Trung tâm Học liệu Trường Đại học Cần Thơ
LEADER 00787nam a2200205Ia 4500
001 CTU_61862
008 210402s9999 xx 000 0 und d
020 |c 15700 
082 |a 510.7 
082 |b K310 
100 |a Nguyễn, Bá Kim 
245 0 |a Phương pháp dạy học môn toán: 
245 0 |b Đã được hội đồng thẩm định của Bộ giáo dục và đào tạo giới thiệu làm sách dùng chung cho các trường đại học sư phạm 
245 0 |c Nguyễn Bá Kim, Vũ Dương Thụy 
260 |a Hà Nội 
260 |b Giáo dục 
260 |c 2003 
650 |a Mathematics study and teaching,Teachers training 
904 |a TUYẾN,Hải 
980 |a Trung tâm Học liệu Trường Đại học Cần Thơ